[Event "Nittenau-ch 14th"]
[Site "Nittenau"]
[Date "2014.09.07"]
[Round "5"]
[White "Brunner, Tobias"]
[Black "Burgard, Manfred"]
[Result "1-0"]
[WhiteElo "1521"]
[BlackElo "1391"]
[PlyCount "77"]
[EventDate "2014.09.05"]
[EventType "swiss"]
[EventRounds "5"]
[EventCountry "GER"]
[SourceTitle "CBM 162 Extra"]
[Source "ChessBase"]
[SourceDate "2014.10.17"]
[SourceVersion "1"]
[SourceVersionDate "2014.10.17"]
[SourceQuality "1"]

1. e4 c5 2. Nf3 d6 3. Bc4 e6 4. 0-0 Nf6 5. Nc3 a6 6. a4 Nc6 7. d3 Be7 8. h3 0-0 9. Nh2 d5 10. Bb3 Ne5 11. f4 Ng6 12. f5 Ne5 13. Bf4 c4 14. Bxe5 cxb3 15. cxb3 dxe4 16. dxe4 Qb6+ 17. Kh1 exf5 18. exf5 Qc5 19. Bxf6 Bxf6 20. Ng4 Bg5 21. Qc2 Rd8 22. Qf2 Qxf2 23. Rxf2 Rd2 24. Rxd2 Bxd2 25. Rd1 Bg5 26. Ne4 h6 27. Nxg5 hxg5 28. Rd8+ Kh7 29. Rf8 f6 30. Kh2 b5 31. Kg3 Bb7 32. Nxf6+ gxf6 33. Rf7+ Kg8 34. Rxb7 bxa4 35. bxa4 Rd8 36. Kg4 Rd5 37. Kh5 Kf8 38. Kg6 Rd6 39. Rf7+ 1-0

[Event "Oberpfalz-ch M3"]
[Site "Roding"]
[Date "2010.03.30"]
[Round "8"]
[White "Burgard, Manfred"]
[Black "Arnold, Christiane"]
[Result "1-0"]
[WhiteElo "1335"]
[BlackElo "1165"]
[PlyCount "55"]
[EventDate "2010.03.27"]
[EventType "swiss"]
[EventRounds "8"]
[EventCountry "GER"]
[SourceTitle "EXT 2012"]
[Source "ChessBase"]
[SourceDate "2011.11.24"]
[SourceVersion "1"]
[SourceVersionDate "2011.11.24"]
[SourceQuality "1"]

1. d4 d5 2. c4 Nf6 3. Nc3 e6 4. Bg5 Bb4 5. Qc2 Nbd7 6. Nf3 h6 7. Bh4 dxc4 8. e4 g5 9. Bg3 Bxc3+ 10. bxc3 Nb6 11. Ne5 Bd7 12. Nxc4 Nxc4 13. Bxc4 Qe7 14. Be5 Rg8 15. Rb1 Bc6 16. Bb5 Bxb5 17. Rxb5 b6 18. f3 c6 19. Rb2 Nd7 20. Bg3 f6 21. 0-0 Kf8 22. Qa4 c5 23. Qc6 Kf7 24. Bd6 Rac8 25. Qxc8 Qxd6 26. Qa6 Qf4 27. Qe2 cxd4 28. cxd4 1-0

[Event "Oberpfalz-ch M3"]
[Site "Roding"]
[Date "2010.03.29"]
[Round "5"]
[White "Averibou, Pascal"]
[Black "Burgard, Manfred"]
[Result "1/2-1/2"]
[WhiteElo "1233"]
[BlackElo "1335"]
[PlyCount "43"]
[EventDate "2010.03.27"]
[EventType "swiss"]
[EventRounds "8"]
[EventCountry "GER"]
[SourceTitle "EXT 2012"]
[Source "ChessBase"]
[SourceDate "2011.11.24"]
[SourceVersion "1"]
[SourceVersionDate "2011.11.24"]
[SourceQuality "1"]

1. e4 c5 2. Nc3 Nc6 3. Nf3 d6 4. d4 cxd4 5. Nxd4 Nf6 6. Be3 a6 7. Bc4 Nxe4 8. Nxc6 bxc6 9. Nxe4 d5 10. Bb3 a5 11. a4 e6 12. Ng3 Ba6 13. Ne2 Bd6 14. 0-0 h5 15. Re1 g5 16. Qd4 Ke7 17. Qg7 Qg8 18. Bd4 e5 19. Bxe5 Qxg7 20. Bxg7 Rhg8 21. Bc3 Rae8 22. Nd4+ 1/2-1/2

[Event "Oberpfalz-ch M3"]
[Site "Roding"]
[Date "2010.03.29"]
[Round "6"]
[White "Burgard, Manfred"]
[Black "Muehlberger, Ottmar"]
[Result "0-1"]
[WhiteElo "1335"]
[BlackElo "1165"]
[PlyCount "44"]
[EventDate "2010.03.27"]
[EventType "swiss"]
[EventRounds "8"]
[EventCountry "GER"]
[SourceTitle "EXT 2012"]
[Source "ChessBase"]
[SourceDate "2011.11.24"]
[SourceVersion "1"]
[SourceVersionDate "2011.11.24"]
[SourceQuality "1"]

1. Nf3 d5 2. c4 Nf6 3. g3 e6 4. Bg2 c5 5. cxd5 exd5 6. b3 Nbd7 7. Bb2 Be7 8. 0-0 0-0 9. d4 cxd4 10. Nxd4 Nc5 11. Nd2 Bg4 12. Rc1 a6 13. b4 Nd3 14. Ra1 Nxb4 15. f3 Bh5 16. a3 Nc6 17. Nxc6 bxc6 18. a4 Bg6 19. Rc1 Qb6+ 20. Kh1 Qxb2 21. Rxc6 Rfc8 22. Rc1 Rxc1 0-1

[Event "Oberpfalz-ch M3"]
[Site "Roding"]
[Date "2010.03.27"]
[Round "1"]
[White "Mueller, Paul1111"]
[Black "Burgard, Manfred"]
[Result "0-1"]
[WhiteElo "852"]
[BlackElo "1335"]
[PlyCount "56"]
[EventDate "2010.03.27"]
[EventType "swiss"]
[EventRounds "8"]
[EventCountry "GER"]
[SourceTitle "EXT 2012"]
[Source "ChessBase"]
[SourceDate "2011.11.24"]
[SourceVersion "1"]
[SourceVersionDate "2011.11.24"]
[SourceQuality "1"]

1. e4 c5 2. Nf3 d6 3. d4 cxd4 4. Nxd4 Nf6 5. Nc3 g6 6. Bc4 Bg7 7. 0-0 0-0 8. Bf4 e5 9. Bxe5 dxe5 10. Nf3 Qxd1 11. Raxd1 Nc6 12. Ng5 Nd4 13. Nd5 Nxd5 14. Bxd5 Be6 15. Bxb7 Rab8 16. Bd5 Bxd5 17. exd5 Nxc2 18. d6 Nd4 19. Ne4 Rfd8 20. b3 f5 21. Nc3 Rxd6 22. Rfe1 Rbd8 23. a4 Ne2+ 24. Kf1 Nxc3 25. Rc1 e4 26. b4 Rd2 27. g3 Rb2 28. b5 Rdd2 0-1